000 00609nam a22002537a 4500
003 UA-OsUOA
001 24003
007 ta
008 20040204b un ||||| |||| 00| 0 ukr d
100 _aМедведчук В.
090 _a321.7(477)
_bМ42
942 _cBK
040 _aUA-OsUOA
_bukr
_cUA-OsUOA
_dUA-OsUOA
245 _aНовий вимір демократії
300 _a144 с.
955 _a0
041 _aukr
080 _a321.7(477)
020 _a966-7856-13-5
260 _aКиїв
_bОсновні цінності
_c2001
044 _aUA
650 7 _2UDC
999 _c310266
_d310266